000 00262nam a22001217a 4500
003 SGT
082 _a617.7
_bU15V
100 _aVANATHI, M.
245 _aUNDERGRADUATE OPHTHALMOLOGY
260 _aPHILADELPHIA
_bWOLTER
_c2015
300 _a394
942 _2ddc
_cBK
999 _c14956
_d14956